Synthesis of polyisoprene-grafted silicas by free radical photopolymerisation of isoprene initiated from silica surface (Record no. 70154)

MARC details
000 -LEADER
fixed length control field 00623nam a2200205Ia 4500
100 ## - MAIN ENTRY--AUTHOR NAME
Personal name Derouet Daniel
245 #0 - TITLE STATEMENT
Title Synthesis of polyisoprene-grafted silicas by free radical photopolymerisation of isoprene initiated from silica surface
260 ## - PUBLICATION, DISTRIBUTION, ETC. (IMPRINT)
Name of publisher Journal of Rubber Research
Year of publication 2008
300 ## - PHYSICAL DESCRIPTION
Number of Pages 78-96
520 ## - SUMMARY, ETC.
Summary, etc DL
650 ## - SUBJECT ADDED ENTRY--TOPICAL TERM
Topical Term Fillers
650 ## - SUBJECT ADDED ENTRY--TOPICAL TERM
Topical Term Iniferter
650 ## - SUBJECT ADDED ENTRY--TOPICAL TERM
Topical Term Photopolymerisation
650 ## - SUBJECT ADDED ENTRY--TOPICAL TERM
Topical Term Polyisoprene rubber
650 ## - SUBJECT ADDED ENTRY--TOPICAL TERM
Topical Term Polyisoprene-grafted silicas
650 ## - SUBJECT ADDED ENTRY--TOPICAL TERM
Topical Term Radical polymerisation
700 ## - ADDED ENTRY--PERSONAL NAME
Personal name Thuc Chi Nhan Ha
942 ## - ADDED ENTRY ELEMENTS (KOHA)
Koha item type Journals
Holdings
Withdrawn status Lost status Damaged status Not for loan Home library Current library Shelving location Date acquired Serial Enumeration / chronology Koha item type
      Journals RRII Library RRII Library Rubber technology 03/11/2008 Volume 11, Issue 2 Journals